Catalog

Record Details

Catalog Search



Myšlenky během ozařovací terapie  Cover Image Book Book

Myšlenky během ozařovací terapie / Petr Žaloudek

Record details

  • ISBN: 80-86760-08-1
  • Physical Description: 121 s. : portréty ; 21 cm
  • Edition: 1. vyd.
  • Publisher: Rosice u Brna : Gloria, 2004

Content descriptions

General Note:
Přeloženo z němčiny
Language Note:
Souběžný anglický text
Subject: ozařovaní pacienti
irradiated patients
Genre: medailony
biographical portraits

Available copies

  • 1 of 1 copy available at Common Catalog SPOK.

Holds

  • 0 current holds with 1 total copy.
Show Only Available Copies
Location Call Number / Copy Notes Barcode Shelving Location Status Due Date
Hospic Dobrého Pastýře PA
Tematická katagorie: Odborná - paliativní péče (PA)
2045957019468 Skříň ve 2. patře (SKŘ) Available -

LDR 01092nam a2200349 a 4500
00129999
003CZ-PrJAB
00520180120141756.0
007ta
008050526s2004 xr c e 000 0dcze
015 . ‡acnb001525710
020 . ‡a80-86760-08-1 ‡q(brož.)
035 . ‡a(CZ PrNK)cpk20051525710
035 . ‡a(OCoLC)85139069
040 . ‡aABA001 ‡bcze
0411 . ‡acze ‡aeng ‡hger
072 7. ‡a615.8 ‡xFyzioterapie. Psychoterapie. Alternativní lékařství ‡2Konspekt ‡914
080 . ‡a615.849-052 ‡2MRF
080 . ‡a(0:82-94) ‡2MRF
1001 . ‡aŽaloudek, Peter, ‡d1958- ‡7mzk2005272008 ‡4aut
24510. ‡aMyšlenky během ozařovací terapie / ‡cPetr Žaloudek
250 . ‡a1. vyd.
260 . ‡aRosice u Brna : ‡bGloria, ‡c2004
300 . ‡a121 s. : ‡bportréty ; ‡c21 cm
500 . ‡aPřeloženo z němčiny
546 . ‡aSouběžný anglický text
65007. ‡aozařovaní pacienti ‡7ph281344 ‡2czenas
65009. ‡airradiated patients ‡2eczenas
655 7. ‡amedailony ‡7fd185951 ‡2czenas
655 9. ‡abiographical portraits ‡2eczenas
910 . ‡aBNE702
901 . ‡a29999 ‡b ‡c29999 ‡tbiblio

Additional Resources